000 00718nam a2200241 i 4500
001 000048384
003 DO-SdBNP
005 20250312084611.0
007 ta
008 190219s2016 dr 000 p spa d
020 _a9789945588989
040 _aDO-SdBNP
_bspa
_cBNPHU
_erda
082 4 _axxx
_bU76d
_222
100 1 _aUribe, Jael,
_eautor
_4aut.
_975796
245 1 0 _aDe la muerte al fénix :
_bpoesía /
_cJael Uribe.
264 4 _aSanto Domingo :
_bEdiciones FERILIBRO
_bEditora Nacional,
_c©2016.
300 _a176 páginas ;
_c20 cm.
336 _atexto
_btxt
_2rdacontent
337 _asin mediación
_bn
_2rdamedia
338 _avolumen
_bnc
_2rdacarrier
590 _aInventariado, 2019/LP
942 _2ddc
_cLBS1
999 _c47872
_d47872